[Event "9. Longericher Sommer-Open"]
[Site "9. Longericher Sommer-Open"]
[Date "2012.08.05"]
[Round "4.22"]
[White "Lantsman, Boris"]
[Black "Esser, Thomas"]
[Result "0-1"]
[WhiteElo "1778"]
[BlackElo "1872"]
[PlyCount "78"]
[EventDate "2012.??.??"]
[WhiteTeam "SF Köln-Longerich 195"]
[BlackTeam "SV Horrem 1948"]

1. e4 c5 2. Nf3 e6 3. d4 cxd4 4. Nxd4 Nf6 5. Nc3 Nc6 6. Be2 Bb4 7. Nxc6 bxc6 8.
Bd3 e5 9. Bd2 O-O 10. O-O d5 11. Bg5 Be6 12. Qf3 Be7 13. Bxf6 Bxf6 14. Rfd1 Rb8
15. b3 Qa5 16. Ne2 Be7 17. Ng3 g6 18. Qe3 Bf6 19. Qf3 Bg7 20. c4 d4 21. Qe2 c5
22. Qd2 Qxd2 23. Rxd2 a5 24. Rb1 a4 25. Rdb2 Rb4 26. a3 Rxb3 27. Rxb3 axb3 28.
Rxb3 Ra8 29. Ne2 Ra4 30. Nc1 Bxc4 31. Bxc4 Rxc4 32. Nd3 Bf8 33. Kf1 f6 34. Ke2
Ra4 35. Rb8 Ra5 36. Rc8 Kf7 37. a4 Be7 38. g3 Rxa4 39. Nxc5 Rc4 0-1

[Event "9. Longericher Sommer-Open"]
[Site "9. Longericher Sommer-Open"]
[Date "2012.08.05"]
[Round "4.23"]
[White "Heyn, Peter"]
[Black "Marzec, Witold"]
[Result "0-1"]
[WhiteElo "1870"]
[BlackElo "1732"]
[PlyCount "72"]
[EventDate "2012.??.??"]
[WhiteTeam "Düsseldorfer SV 1854"]

1. d4 Nf6 2. c4 e6 3. Nc3 d5 4. cxd5 exd5 5. Bg5 c6 6. Qc2 Bb4 7. e3 h6 8. Bh4
Qd6 9. Bd3 Bxc3+ 10. Qxc3 O-O 11. Nf3 Re8 12. a3 Ne4 13. Qc2 Nd7 14. Bg3 Qe7
15. Bxe4 dxe4 16. Ne5 Nxe5 17. Bxe5 f6 18. Bg3 Qe6 19. O-O Bd7 20. Rfc1 Rac8
21. b4 g5 22. Qc4 Qxc4 23. Rxc4 Be6 24. Rc3 Red8 25. Rac1 a6 26. f3 f5 27. Be5
Bd5 28. fxe4 Bxe4 29. a4 Rd5 30. a5 Rdd8 31. Rf1 g4 32. Bf4 h5 33. Rf2 Rd7 34.
g3 Rcd8 35. Bg5 Rf8 36. Kf1 Kf7 0-1

[Event "9. Longericher Sommer-Open"]
[Site "9. Longericher Sommer-Open"]
[Date "2012.08.05"]
[Round "4.24"]
[White "Rieger, Isabelle"]
[Black "Zilberman, Rodion"]
[Result "0-1"]
[WhiteElo "1598"]
[BlackElo "1844"]
[PlyCount "65"]
[EventDate "2012.??.??"]
[WhiteTeam "SV Fideler Bauer Lever"]
[BlackTeam "SF Köln-Longerich 195"]

1. d4 g6 2. c4 Bg7 3. Nc3 d6 4. e4 Nf6 5. Nf3 O-O 6. Be2 Nc6 7. O-O e5 8. d5
Ne7 9. Ne1 Nd7 10. Be3 f5 11. f3 f4 12. Bf2 g5 13. b4 b6 14. Nd3 Nf6 15. c5 h5
16. Rc1 Qe8 17. a4 Bd7 18. Nb2 Qg6 19. cxd6 cxd6 20. Nb5 Bxb5 21. Bxb5 g4 22.
Rc7 Rf7 23. Bh4 a6 24. Be2 Kh7 25. Bxf6 Bxf6 26. Nc4 Rc8 27. Rxc8 Nxc8 28. fxg4
Kg7 29. Nd2 hxg4 30. Bxg4 Rc7 31. Bf5 Qh6 32. Qg4+ Bg5 33. Bxc8 0-1

[Event "9. Longericher Sommer-Open"]
[Site "9. Longericher Sommer-Open"]
[Date "2012.08.05"]
[Round "4.25"]
[White "Wigger, Reiner"]
[Black "Janssen, Wolfgang"]
[Result "0-1"]
[WhiteElo "1843"]
[BlackElo "1697"]
[PlyCount "61"]
[EventDate "2012.??.??"]
[WhiteTeam "Indische Dame Münster"]
[BlackTeam "SV Bayer Dormagen 47"]

1. e4 e6 2. d4 d5 3. Bd3 dxe4 4. Bxe4 Nf6 5. Bf3 c5 6. Ne2 Nc6 7. Be3 cxd4 8.
Nxd4 Nxd4 9. Qxd4 Be7 10. Qxd8+ Bxd8 11. O-O O-O 12. Nc3 Bd7 13. Rfd1 Bc6 14.
Bxc6 bxc6 15. Bc5 Re8 16. Rd6 Rb8 17. Nd1 Ne4 18. Rxc6 Nxc5 19. Rxc5 Bb6 20.
Rc4 Red8 21. b3 Rd2 22. Kf1 Rbd8 23. Ne3 f5 24. Re1 e5 25. g3 g5 26. Re2 f4 27.
gxf4 gxf4 28. Rxd2 Rxd2 29. Ng4 h5 30. Ke1 Rd5 31. Nf6+ 0-1

[Event "9. Longericher Sommer-Open"]
[Site "9. Longericher Sommer-Open"]
[Date "2012.08.05"]
[Round "4.26"]
[White "Scholzen, Wolfgang"]
[Black "Fieberg, Christoph"]
[Result "1-0"]
[WhiteElo "1966"]
[BlackElo "1765"]
[PlyCount "65"]
[EventDate "2012.??.??"]
[WhiteTeam "SK Turm Euskirchen 65"]
[BlackTeam "SG Porz e.V."]

1. d4 d6 2. Nf3 Nf6 3. c4 c6 4. Nc3 Qc7 5. Bg5 Bg4 6. e3 Nbd7 7. Be2 e5 8. dxe5
dxe5 9. Qc2 Bb4 10. Bxf6 Nxf6 11. a3 Be7 12. O-O O-O 13. Rfd1 Rad8 14. h3 Bh5
15. e4 Rd7 16. Rxd7 Nxd7 17. Rd1 Bxf3 18. Bxf3 Nc5 19. Bg4 Rd8 20. b4 Nd7 21.
c5 Nf6 22. Be2 Rd4 23. Rxd4 exd4 24. Nb1 Qf4 25. Bf3 Nd7 26. Qd2 Qe5 27. Qd3
Qf6 28. Nd2 Nf8 29. Nb3 Ne6 30. Bg4 Nf4 31. Qxd4 Qg5 32. Qd7 Qe5 33. Qe8+ 1-0

[Event "9. Longericher Sommer-Open"]
[Site "9. Longericher Sommer-Open"]
[Date "2012.08.05"]
[Round "4.27"]
[White "Hübben, Dominik"]
[Black "Runte, Dirk"]
[Result "1/2-1/2"]
[WhiteElo "1854"]
[BlackElo "1639"]
[PlyCount "64"]
[EventDate "2012.??.??"]
[WhiteTeam "Eschweiler SC 1921 e.V."]
[BlackTeam "SV Fideler Bauer Lever"]

1. e4 c5 2. c3 d5 3. exd5 Qxd5 4. d4 Nc6 5. Nf3 Bg4 6. Be2 cxd4 7. cxd4 Nf6 8.
Nc3 Qa5 9. d5 Rd8 10. O-O Nxd5 11. Nxd5 Rxd5 12. Qb3 Bxf3 13. Bxf3 Rb5 14. Qc4
Rc5 15. Qf4 e5 16. Qg4 h5 17. Qf5 Nd4 18. Qe4 Nxf3+ 19. Qxf3 Qc7 20. Be3 Rc6
21. Bxa7 Bc5 22. Bxc5 Rxc5 23. Rfe1 g6 24. b4 Rc6 25. b5 Rc5 26. Qf6 O-O 27. b6
Qc6 28. Qxc6 Rxc6 29. Rxe5 Rxb6 30. a4 Ra8 31. Kf1 Rba6 32. Rb5 Rxa4 1/2-1/2

[Event "9. Longericher Sommer-Open"]
[Site "9. Longericher Sommer-Open"]
[Date "2012.08.05"]
[Round "5.1"]
[White "Mladenov, Svetlin"]
[Black "Heedt, Thorsten"]
[Result "1-0"]
[WhiteElo "2352"]
[BlackElo "2096"]
[PlyCount "61"]
[EventDate "2012.??.??"]
[WhiteTeam "SV Wattenscheid 1930"]
[BlackTeam "SG Porz e.V."]

1. e4 c5 2. Nf3 d6 3. d4 cxd4 4. Nxd4 Nf6 5. Nc3 a6 6. Be2 e5 7. Nb3 Be7 8. O-O
O-O 9. a4 Be6 10. Bf3 Nbd7 11. Re1 Qc7 12. Nd2 Rac8 13. Nf1 Rfd8 14. Ne3 Nb6
15. a5 Nc4 16. Ned5 Bxd5 17. Nxd5 Nxd5 18. Qxd5 b5 19. axb6 Nxb6 20. Qb3 Ra8
21. Bd2 Rdb8 22. Ba5 Qc6 23. Be2 Nd7 24. Qc3 Qb7 25. b3 Rc8 26. Qd2 Nf6 27. Bc4
Rxc4 28. bxc4 Nxe4 29. Qd5 Nc5 30. Reb1 Qc8 31. Bc7 1-0

[Event "9. Longericher Sommer-Open"]
[Site "9. Longericher Sommer-Open"]
[Date "2012.08.05"]
[Round "5.2"]
[White "Pieper, Dawid"]
[Black "Rotstein, Jefim"]
[Result "0-1"]
[WhiteElo "2124"]
[BlackElo "2267"]
[PlyCount "50"]
[EventDate "2012.??.??"]
[WhiteTeam "SVigung 1920 Plettenbe"]
[BlackTeam "Ford-SF Köln e.V."]

1. e4 c5 2. Nf3 e6 3. c3 Nf6 4. e5 Nd5 5. d4 cxd4 6. cxd4 d6 7. Nc3 Nxc3 8.
bxc3 Nd7 9. exd6 Bxd6 10. Bd3 Qc7 11. Bd2 b6 12. O-O Bb7 13. Re1 Rc8 14. c4 O-O
15. d5 e5 16. Ng5 Nf6 17. Re3 h6 18. Rh3 Rce8 19. Qf3 Bc8 20. Rxh6 e4 21. Bxe4
Rxe4 22. Rxf6 Bxh2+ 23. Kh1 Rh4 24. Nh3 Be5 25. Rc6 Bxh3 0-1

[Event "9. Longericher Sommer-Open"]
[Site "9. Longericher Sommer-Open"]
[Date "2012.08.05"]
[Round "5.3"]
[White "Spilles, Matthias"]
[Black "Harff, Marcel"]
[Result "0-1"]
[WhiteElo "1971"]
[BlackElo "2205"]
[PlyCount "52"]
[EventDate "2012.??.??"]
[WhiteTeam "Brühler SK 1920 e.V."]
[BlackTeam "SG Hochneukirch"]

1. e4 c5 2. Nf3 Nc6 3. Bb5 g6 4. O-O Bg7 5. Bxc6 bxc6 6. d3 d6 7. Qe2 Rb8 8.
Nbd2 e5 9. Nc4 Ne7 10. Bg5 f6 11. Bd2 d5 12. Ba5 Qd7 13. Ncd2 c4 14. dxc4 Rxb2
15. cxd5 cxd5 16. exd5 Qxd5 17. Nb3 Qc6 18. Rfc1 Nd5 19. Qd2 O-O 20. Ne1 Nf4
21. Kh1 Bb7 22. f3 Rc8 23. Bb4 h5 24. Ba3 Qa6 25. Nd3 (25. Bxb2 Qf1#) 25...
Nxd3 26. Bxb2 Nxb2 0-1

[Event "9. Longericher Sommer-Open"]
[Site "9. Longericher Sommer-Open"]
[Date "2012.08.05"]
[Round "5.4"]
[White "Niesel, Matthias P"]
[Black "Martino-Groß, Peter"]
[Result "1-0"]
[WhiteElo "2088"]
[BlackElo "1972"]
[PlyCount "66"]
[EventDate "2012.??.??"]
[BlackTeam "Ohligser Turnverein 1888 e.V."]

1. c4 e5 2. g3 Nf6 3. Bg2 d5 4. cxd5 Nxd5 5. Nc3 Be6 6. Nf3 Nc6 7. O-O Be7 8.
d4 exd4 9. Nxd4 Nxd4 10. Qxd4 Bf6 11. Qa4+ c6 12. Nxd5 Bxd5 13. Rd1 b5 14. Qc2
Qc8 15. e4 Bc4 16. e5 Be7 17. b3 Bd5 18. Bxd5 cxd5 19. Qxc8+ Rxc8 20. Rxd5 a6
21. Be3 Ba3 22. Rad1 O-O 23. Kg2 h6 24. Kf3 Rc2 25. R1d2 Rxd2 26. Rxd2 Rc8 27.
Ke4 Kf8 28. Rd7 Rc6 29. Ra7 h5 30. Kd5 Re6 31. f4 g6 32. h3 Bb2 33. Bc5+ Kg7
1-0

[Event "9. Longericher Sommer-Open"]
[Site "9. Longericher Sommer-Open"]
[Date "2012.08.05"]
[Round "5.5"]
[White "Gülsen, Taylan"]
[Black "Karwatzki, Hans-Jürgen"]
[Result "1-0"]
[WhiteElo "1975"]
[BlackElo "1619"]
[PlyCount "107"]
[EventDate "2012.??.??"]
[WhiteTeam "SG Niederkassel"]
[BlackTeam "Vereinigung der Schachsportfreun"]

1. e4 c5 2. Nf3 Nc6 3. d4 cxd4 4. Nxd4 e5 5. Nb5 Nf6 6. N1c3 Bc5 7. Nd6+ Ke7 8.
Nf5+ Kf8 9. Bg5 d6 10. Ne3 Be6 11. Bc4 Bxc4 12. Nxc4 Nd4 13. O-O Rc8 14. Nd5
Rg8 15. c3 Ne6 16. Nxf6 gxf6 17. Bh6+ Ke8 18. Be3 Nf4 19. Bxf4 exf4 20. Kh1 Qd7
21. b4 Bxb4 22. Qd4 Qe6 23. cxb4 Qxc4 24. Qxd6 Qe6 25. Qxf4 Rg4 26. Qd2 Rd8 27.
Qc3 Rc8 28. Qh3 Rxe4 29. Qxh7 Rcc4 30. Rad1 Rcd4 31. Rxd4 Rxd4 32. Qb1 Kf8 33.
Re1 Qd6 34. Qh7 Rg4 35. h3 Rg7 36. Qe4 Qd7 37. a4 Rg5 38. b5 Rd5 39. Qh4 Rg5
40. f4 Rg7 41. Qxf6 Rg6 42. Qh8+ Rg8 43. Qe5 Rg6 44. f5 Rh6 45. Kh2 Qd6 46. Kg3
Qa3+ 47. Re3 Qxa4 48. Qe7+ Kg7 49. Re4 Qb3+ 50. Kh2 Qd5 51. Rg4+ Kh7 52. Qf8
Qe5+ 53. Rg3 Qh8 54. Qxf7+ 1-0

[Event "9. Longericher Sommer-Open"]
[Site "9. Longericher Sommer-Open"]
[Date "2012.08.05"]
[Round "5.6"]
[White "Neubauer, Jürgen"]
[Black "Hack, Thomas"]
[Result "0-1"]
[WhiteElo "2119"]
[BlackElo "1942"]
[PlyCount "82"]
[EventDate "2012.??.??"]
[WhiteTeam "SK Turm Euskirchen 65"]
[BlackTeam "SK Turm Euskirchen 65"]

1. e4 c5 2. Nf3 d6 3. d4 cxd4 4. Nxd4 Nf6 5. Nc3 a6 6. a4 e5 7. Nf3 Qc7 8. Bg5
Nbd7 9. Be2 Be7 10. O-O h6 11. Bh4 g5 12. Bg3 Nc5 13. Nd2 Ne6 14. Nd5 Nxd5 15.
exd5 Nf4 16. Bxf4 exf4 17. Nc4 Bf6 18. Bd3 O-O 19. c3 b6 20. Qb3 Rb8 21. Nd2
Bb7 22. Rae1 Bg7 23. Re4 Qc5 24. c4 b5 25. Bb1 bxc4 26. Qc2 Qxd5 27. f3 Qf5 28.
Qxc4 Bxe4 29. Nxe4 d5 30. Qc5 Rfe8 31. Qa5 Bd4+ 32. Kh1 Bb6 33. Qxa6 dxe4 34.
Bxe4 Qa5 35. Qd3 Red8 36. Qa3 Bc5 37. Qa2 Qd2 38. Bg6 Rf8 39. Rb1 Kg7 40. Be4
Bd4 41. h4 Rxb2 0-1

[Event "9. Longericher Sommer-Open"]
[Site "9. Longericher Sommer-Open"]
[Date "2012.08.05"]
[Round "5.7"]
[White "Weinmann-Musset, Manfred"]
[Black "Freundlieb, Thomas"]
[Result "0-1"]
[WhiteElo "1812"]
[BlackElo "2055"]
[PlyCount "108"]
[EventDate "2012.??.??"]
[WhiteTeam "Ford-SF Köln e.V."]
[BlackTeam "SV Bergneustadt/Dersch"]

1. d4 d6 2. Nf3 Bg4 3. Nbd2 e6 4. h3 Bxf3 5. Nxf3 Nf6 6. Bg5 Be7 7. e3 Nbd7 8.
Bd3 c6 9. c3 e5 10. Qc2 h6 11. Bh4 Nh5 12. Bxe7 Qxe7 13. O-O-O Nhf6 14. dxe5
dxe5 15. Bf5 g6 16. Bxd7+ Nxd7 17. Qe4 f5 18. Qa4 Nc5 19. Qa3 e4 20. b4 exf3
21. bxc5 fxg2 22. Rhg1 Rd8 23. Rxg2 Rxd1+ 24. Kxd1 Kf7 25. Qb3+ Kf6 26. Qc4
Rd8+ 27. Ke2 g5 28. Rg1 Rd5 29. Rb1 a5 30. f4 Qe6 31. Qa4 Qd7 32. fxg5+ hxg5
33. h4 Rd2+ 34. Ke1 Qd3 35. Qd4+ Kg6 36. Qxd3 Rxd3 37. Ke2 Rxc3 38. hxg5 Rxc5
39. Kf3 b5 40. Kf4 Rc4+ 41. Ke5 Kxg5 42. Rg1+ Rg4 43. Rc1 Re4+ 44. Kd6 Rxe3 45.
Rg1+ Kf4 46. Kxc6 b4 47. Kb5 Ra3 48. Rf1+ Ke5 49. Rf2 f4 50. Kc4 f3 51. Rh2 Ke4
52. Rh4+ Ke3 53. Rh2 f2 54. Rh3+ Ke2 0-1

[Event "9. Longericher Sommer-Open"]
[Site "9. Longericher Sommer-Open"]
[Date "2012.08.05"]
[Round "5.8"]
[White "Hobusch, Jan"]
[Black "Jiritschka, Wolfgang"]
[Result "1/2-1/2"]
[WhiteElo "2042"]
[BlackElo "1865"]
[PlyCount "38"]
[EventDate "2012.??.??"]
[WhiteTeam "SG Bochum 1931"]
[BlackTeam "SC Bayer Leverkusen e.V."]

1. d4 d5 2. Bf4 Nf6 3. e3 e6 4. Nf3 Bd6 5. Ne5 Nbd7 6. Nd2 c5 7. c3 Qc7 8. Ndf3
O-O 9. Bd3 Ne4 10. Nxd7 Bxd7 11. Bxe4 dxe4 12. Bxd6 Qxd6 13. Nd2 Qd5 14. Nb3 c4
15. Nd2 b5 16. O-O f5 17. f3 exf3 18. Qxf3 Bc6 19. Qxd5 Bxd5 1/2-1/2

[Event "9. Longericher Sommer-Open"]
[Site "9. Longericher Sommer-Open"]
[Date "2012.08.05"]
[Round "5.9"]
[White "Begri, Robert"]
[Black "Heinemann, Josefine"]
[Result "1-0"]
[WhiteElo "2031"]
[BlackElo "1852"]
[PlyCount "41"]
[EventDate "2012.??.??"]
[WhiteTeam "Tischtennisclub Grün-Weiß Fritzd"]
[BlackTeam "SG Aufbau Elbe Magdeburg"]

1. e4 c5 2. Nf3 d6 3. d4 cxd4 4. Qxd4 a6 5. Be3 Nf6 6. Nc3 Nc6 7. Qd2 e6 8.
O-O-O Be7 9. Bf4 e5 10. Bg5 Be6 11. Bxf6 gxf6 12. Nd5 Bf8 13. Kb1 h5 14. Nh4
Bh6 15. Qd3 Bg5 16. Nf5 Bxf5 17. exf5 b5 18. Be2 h4 19. Bf3 Rc8 20. Rhe1 Nd4
21. Qxd4 1-0

[Event "9. Longericher Sommer-Open"]
[Site "9. Longericher Sommer-Open"]
[Date "2012.08.05"]
[Round "5.10"]
[White "Schmidt, Kai-Uwe"]
[Black "Dijkhuis, Tycho"]
[Result "1/2-1/2"]
[WhiteElo "1951"]
[BlackElo "2006"]
[PlyCount "54"]
[EventDate "2012.??.??"]
[WhiteTeam "Klub Kölner SF e.V. 1"]
[BlackTeam "Schaakclub Utrecht"]

1. d4 Nf6 2. c4 g6 3. Nc3 Bg7 4. e4 d6 5. Be2 O-O 6. Bg5 h6 7. Be3 Nc6 8. d5
Ne5 9. h3 c6 10. Nf3 Nxf3+ 11. Bxf3 Nd7 12. Qd2 Kh7 13. g4 cxd5 14. cxd5 a6 15.
Be2 b5 16. h4 Ne5 17. h5 g5 18. f3 Bd7 19. O-O Rc8 20. Rfc1 Nc4 21. Bxc4 Rxc4
22. Ne2 Qc7 23. b3 Rxc1+ 24. Rxc1 Qb7 25. Nd4 Rc8 26. Nf5 Bxf5 27. gxf5 Rc7
1/2-1/2

[Event "9. Longericher Sommer-Open"]
[Site "9. Longericher Sommer-Open"]
[Date "2012.08.05"]
[Round "5.11"]
[White "Boschek, Hans-Joachim"]
[Black "Evers, Leo"]
[Result "0-1"]
[WhiteElo "1867"]
[BlackElo "2034"]
[PlyCount "34"]
[EventDate "2012.??.??"]
[WhiteTeam "SV 1922 Hilden"]
[BlackTeam "SG Porz e.V."]

1. g3 d5 2. Bg2 e5 3. d3 c6 4. Nd2 Nf6 5. e3 Bd6 6. Ne2 Be6 7. b3 O-O 8. Bb2
Re8 9. O-O Qd7 10. Re1 Bh3 11. Bh1 h5 12. e4 Bc5 13. Bxe5 Rxe5 14. d4 Bb6 15.
dxe5 Ng4 16. Rf1 Bxf1 17. Nxf1 Nxf2 0-1

[Event "9. Longericher Sommer-Open"]
[Site "9. Longericher Sommer-Open"]
[Date "2012.08.05"]
[Round "5.12"]
[White "Arlt, Klaus"]
[Black "Vranidis, Athanassios"]
[Result "1-0"]
[WhiteElo "1954"]
[BlackElo "1745"]
[PlyCount "49"]
[EventDate "2012.??.??"]
[WhiteTeam "SF Köln-Mülheim e.V."]
[BlackTeam "SG Solingen e.V."]

1. c4 Nf6 2. Nc3 e6 3. e4 d5 4. e5 d4 5. exf6 dxc3 6. bxc3 Qxf6 7. d4 e5 8. Be2
exd4 9. cxd4 Bb4+ 10. Bd2 Bxd2+ 11. Qxd2 O-O 12. Nf3 c5 13. O-O cxd4 14. Qxd4
Qxd4 15. Nxd4 Bd7 16. Rab1 Nc6 17. Nb5 b6 18. Bf3 a6 19. Bxc6 Bxc6 20. Nd4 Be4
21. Rxb6 Bd3 22. Rc1 Rfd8 23. Nc6 Re8 24. h3 h6 25. Nb4 1-0

[Event "9. Longericher Sommer-Open"]
[Site "9. Longericher Sommer-Open"]
[Date "2012.08.05"]
[Round "5.13"]
[White "Begri, Felix"]
[Black "Mass, Elvira"]
[Result "1/2-1/2"]
[WhiteElo "1775"]
[BlackElo "1947"]
[PlyCount "92"]
[EventDate "2012.??.??"]
[WhiteTeam "Tischtennisclub Grün-Weiß Fritzd"]
[BlackTeam "SG Porz e.V."]

1. d4 d5 2. c4 e6 3. Nf3 Be7 4. Nc3 Nf6 5. cxd5 exd5 6. Bg5 h6 7. Bh4 O-O 8. e3
c6 9. Bd3 Be6 10. Qc2 Nbd7 11. O-O-O b5 12. h3 b4 13. Ne2 c5 14. Kb1 Rc8 15.
dxc5 Nxc5 16. Ned4 Nfe4 17. Bxe7 Qxe7 18. Qe2 Nxd3 19. Rxd3 Rc7 20. Rdd1 a5 21.
g4 a4 22. Nd2 a3 23. Nxe4 dxe4 24. h4 Bc4 25. Qd2 Bd3+ 26. Ka1 Rfc8 27. Rc1
axb2+ 28. Qxb2 Rc3 29. Rxc3 bxc3 30. Qb3 c2 31. Rc1 Qc7 32. Qb2 Rb8 33. Nb3 Qh2
34. g5 hxg5 35. hxg5 Qxf2 36. Qe5 Rc8 37. g6 Qf6 38. Qxf6 gxf6 39. gxf7+ Kxf7
40. Nd4 Ke7 41. Kb2 Rb8+ 42. Kc3 Rc8+ 43. Kb2 Rb8+ 44. Kc3 Ra8 45. Kb2 Bc4 46.
a3 Rb8+ 1/2-1/2

[Event "9. Longericher Sommer-Open"]
[Site "9. Longericher Sommer-Open"]
[Date "2012.08.05"]
[Round "5.14"]
[White "Esser, Thomas"]
[Black "Dijkhuis, Sven"]
[Result "1-0"]
[WhiteElo "1872"]
[BlackElo "1724"]
[PlyCount "77"]
[EventDate "2012.??.??"]
[WhiteTeam "SV Horrem 1948"]
[BlackTeam "Schaakclub Utrecht"]

1. d4 Nf6 2. c4 g6 3. g3 Bg7 4. Bg2 O-O 5. Nc3 c5 6. d5 d6 7. Nf3 e6 8. O-O
exd5 9. cxd5 Re8 10. Nd2 a6 11. a4 Nbd7 12. h3 Rb8 13. a5 b5 14. axb6 Nxb6 15.
e4 Nfd7 16. Re1 Ne5 17. Bf1 Ra8 18. Kh2 f5 19. exf5 Bxf5 20. Rxa6 Rxa6 21. Bxa6
Rf8 22. f4 Ned7 23. g4 Nb8 24. gxf5 Nxa6 25. fxg6 Qh4 26. gxh7+ Kh8 27. Nf3
Qf2+ 28. Kh1 Qg3 29. Ng5 Bh6 30. Rg1 Qh4 31. Rg4 Qf2 32. Nce4 Qd4 33. Qxd4+
cxd4 34. Nxd6 Bxg5 35. fxg5 Kxh7 36. Bd2 Nxd5 37. Rxd4 Ne7 38. Rh4+ Kg8 39. Bc3
1-0

[Event "9. Longericher Sommer-Open"]
[Site "9. Longericher Sommer-Open"]
[Date "2012.08.05"]
[Round "5.15"]
[White "Jordans, Ralph"]
[Black "Rieger, Isabelle"]
[Result "1-0"]
[WhiteElo "1865"]
[BlackElo "1598"]
[PlyCount "53"]
[EventDate "2012.??.??"]
[WhiteTeam "Ford-SF Köln e.V."]
[BlackTeam "SV Fideler Bauer Lever"]

1. c4 Nf6 2. Nc3 g6 3. g3 Bg7 4. Bg2 d6 5. d4 O-O 6. Nf3 Nc6 7. d5 Na5 8. Qd3
c5 9. e4 a6 10. O-O Rb8 11. Re1 e5 12. dxe6 fxe6 13. Bf4 e5 14. Bg5 Nc6 15.
Rad1 Nd4 16. h3 h6 17. Bc1 Bd7 18. Nh4 Kh7 19. Ne2 b5 20. b3 bxc4 21. bxc4 Nh5
22. Ba3 Qf6 23. Rf1 Nf4 24. Nxf4 exf4 25. e5 Qxe5 26. Nxg6 Ne2+ 27. Kh1 1-0

[Event "9. Longericher Sommer-Open"]
[Site "9. Longericher Sommer-Open"]
[Date "2012.08.05"]
[Round "5.16"]
[White "Andrä, Philipp"]
[Black "Wigger, Reiner"]
[Result "1-0"]
[WhiteElo "1789"]
[BlackElo "1843"]
[PlyCount "105"]
[EventDate "2012.??.??"]
[WhiteTeam "SG Solingen e.V."]
[BlackTeam "Indische Dame Münster"]

1. e4 d5 2. exd5 Nf6 3. d4 Nxd5 4. Nf3 Bg4 5. h3 Bxf3 6. Qxf3 c6 7. c3 g6 8.
Bc4 e6 9. O-O Bg7 10. Nd2 Nf6 11. Re1 O-O 12. Nb3 Nbd7 13. Bg5 Qc7 14. Re3 Nd5
15. Re4 h6 16. Bd2 N7f6 17. Re2 b6 18. Rae1 a5 19. Bxd5 Nxd5 20. c4 Ne7 21. Bf4
Qd7 22. Be5 a4 23. Bxg7 Kxg7 24. Nd2 Qxd4 25. Ne4 Ng8 26. Rd2 Qxc4 27. Rd7 Rad8
28. Nd6 Qb4 29. Re4 Qxd6 30. Rxd6 Rxd6 31. Rxa4 Nf6 32. Qe3 c5 33. g4 Kg8 34.
Qxh6 Rd1+ 35. Kg2 Rfd8 36. Qg5 Nh7 37. Qe5 R1d5 38. Qc7 b5 39. Ra7 R8d7 40.
Qxd7 Rxd7 41. Rxd7 Nf6 42. Rc7 Nd5 43. Rxc5 b4 44. Kf3 Kg7 45. Ke4 Kf6 46. Rxd5
exd5+ 47. Kxd5 Kg5 48. a4 bxa3 49. bxa3 f5 50. gxf5 gxf5 51. a4 Kf4 52. a5 Kf3
53. Ke5 1-0

[Event "9. Longericher Sommer-Open"]
[Site "9. Longericher Sommer-Open"]
[Date "2012.08.05"]
[Round "5.17"]
[White "de Vivie, Achim"]
[Black "Scholzen, Wolfgang"]
[Result "0-1"]
[WhiteElo "1727"]
[BlackElo "1966"]
[PlyCount "86"]
[EventDate "2012.??.??"]
[WhiteTeam "SF Köln-Longerich 195"]
[BlackTeam "SK Turm Euskirchen 65"]

1. e4 e6 2. d4 d5 3. Nc3 Bb4 4. e5 c5 5. a3 Bxc3+ 6. bxc3 Ne7 7. Qg4 Qc7 8.
Bb5+ Bd7 9. Bxd7+ Nxd7 10. Ne2 cxd4 11. cxd4 Qxc2 12. O-O Qg6 13. Qh3 O-O 14.
Be3 Rfc8 15. Nf4 Qf5 16. g4 Qe4 17. Rae1 Ng6 18. Nh5 Rc3 19. Nxg7 Nf4 20. Qg3
Kxg7 21. f3 Rxe3 22. fxe4 Rxg3+ 23. hxg3 Nh3+ 24. Kg2 Ng5 25. exd5 exd5 26. Rc1
Ne6 27. Rfd1 Nb6 28. Kf3 Nc4 29. Rb1 b6 30. a4 a6 31. Ra1 Rh8 32. Ra2 Kg6 33.
Rh2 h6 34. Rf2 Rc8 35. Rd3 b5 36. axb5 axb5 37. Kg2 b4 38. Rf6+ Kg7 39. Rdf3
Rc7 40. Rd3 Rb7 41. Rf1 b3 42. Rb1 b2 43. Kf3 Ra7 0-1

[Event "9. Longericher Sommer-Open"]
[Site "9. Longericher Sommer-Open"]
[Date "2012.08.05"]
[Round "5.18"]
[White "Flüchter, Gregor"]
[Black "Maczkowiak, Thomas"]
[Result "1/2-1/2"]
[WhiteElo "1934"]
[BlackElo "1843"]
[PlyCount "38"]
[EventDate "2012.??.??"]
[WhiteTeam "SF Brackel 1930 e.V."]
[BlackTeam "Märkischer Springer Halver-Schal"]

1. e4 c6 2. d4 d5 3. exd5 cxd5 4. c4 Nf6 5. Nc3 e6 6. Nf3 Bb4 7. Bd3 dxc4 8.
Bxc4 O-O 9. O-O Nc6 10. Bg5 Be7 11. a3 Nd5 12. Bxd5 exd5 13. Bxe7 Nxe7 14. Rc1
Bg4 15. Qd3 Bxf3 16. Qxf3 Qb6 17. Qd3 Rfd8 18. Rfd1 Rac8 19. b4 Rc6 1/2-1/2

[Event "9. Longericher Sommer-Open"]
[Site "9. Longericher Sommer-Open"]
[Date "2012.08.05"]
[Round "5.19"]
[White "Brecker, Hans-Jörg"]
[Black "Brandl, Lea Maria"]
[Result "0-1"]
[WhiteElo "1893"]
[BlackElo "1796"]
[PlyCount "138"]
[EventDate "2012.??.??"]
[WhiteTeam "SF Erkelenz 1959 e.V."]
[BlackTeam "SV 1920 Hofheim"]

1. d4 Nf6 2. c4 g6 3. Nc3 d5 4. Bf4 c5 5. dxc5 Be6 6. cxd5 Bxd5 7. Nxd5 Nxd5 8.
Qd4 Nf6 9. Qb4 Qc8 10. e3 Bg7 11. Nf3 Nc6 12. Qa4 O-O 13. Bb5 Nd5 14. Bxc6 bxc6
15. Be5 Qb7 16. Bxg7 Kxg7 17. O-O Rfd8 18. b3 Rab8 19. Ne5 Rbc8 20. Qc4 Qb4 21.
Rac1 Qxc4 22. Rxc4 Rc7 23. Rd1 f6 24. Nf3 Rdc8 25. g3 Rb7 26. Nd4 Nb4 27. a3
Na6 28. b4 Nb8 29. Ne6+ Kg8 30. Rd8+ Rxd8 31. Nxd8 Rd7 32. Rd4 Rc7 33. Ne6 Rb7
34. Nd8 Rc7 35. Kf1 a6 36. Ke2 h5 37. h4 Rc8 38. Kd3 Kf8 39. Ne6+ Ke8 40. f3
Kf7 41. Nf4 e5 42. Rd6 exf4 43. gxf4 Ke7 44. Ke4 Rd8 45. f5 Rxd6 46. cxd6+ Kf7
47. fxg6+ Kxg6 48. Kd4 Nd7 49. a4 Kf5 50. Kc4 Ke6 51. b5 axb5+ 52. axb5 cxb5+
53. Kxb5 Kxd6 54. Kb4 Ne5 55. f4 Nf3 56. Kc4 Nxh4 57. Kd4 f5 58. e4 fxe4 59.
Kxe4 Ke6 60. f5+ Nxf5 61. Kf4 Kf6 62. Kf3 Kg5 63. Kg2 Kg4 64. Kh2 h4 65. Kg2
h3+ 66. Kh2 Kh4 67. Kg1 Kg3 68. Kh1 Nd6 69. Kg1 Ne4 0-1

[Event "9. Longericher Sommer-Open"]
[Site "9. Longericher Sommer-Open"]
[Date "2012.08.05"]
[Round "5.20"]
[White "Marzec, Witold"]
[Black "Henrotte, Nils"]
[Result "0-1"]
[WhiteElo "1732"]
[BlackElo "1885"]
[PlyCount "38"]
[EventDate "2012.??.??"]
[BlackTeam "Eschweiler SC 1921 e.V."]

1. d4 Nf6 2. c4 e6 3. Nf3 c5 4. d5 b5 5. b3 exd5 6. cxd5 d6 7. e3 a6 8. Bd3 Bb7
9. e4 Be7 10. O-O O-O 11. Bb2 Nbd7 12. Nfd2 Ne8 13. Re1 Bf6 14. Qc2 Ne5 15. Bf1
Rc8 16. f4 Ng4 17. h3 c4 18. hxg4 c3 19. Nxc3 Bd4+ 0-1

[Event "9. Longericher Sommer-Open"]
[Site "9. Longericher Sommer-Open"]
[Date "2012.08.05"]
[Round "5.21"]
[White "Liebsch, Felix"]
[Black "Heyn, Peter"]
[Result "1/2-1/2"]
[WhiteElo "1729"]
[BlackElo "1870"]
[PlyCount "34"]
[EventDate "2012.??.??"]
[WhiteTeam "SC Bayer Leverkusen e.V."]
[BlackTeam "Düsseldorfer SV 1854"]

1. e4 e6 2. d4 d5 3. Nd2 a6 4. Ngf3 Nf6 5. Bd3 dxe4 6. Nxe4 Nc6 7. O-O Nb4 8.
Nxf6+ Qxf6 9. Bc4 Bd6 10. d5 O-O 11. dxe6 Bxe6 12. Bxe6 Qxe6 13. Re1 Qf6 14. c3
Nc6 15. Qb3 b6 16. Be3 Ne5 17. Nxe5 Qxe5 1/2-1/2